100 Biggest Cities of Ukraine on a Map - Statistics

General Stats
  • This quiz has been taken 1,408 times
    1,362 since last reset
  • The average score is 38 of 100
Answers on the Map
Answers color-coded by a green-red scale on the quiz's map according to % correct below.
 
Answer Stats
Population City % Correct
2,952,301 Kyïv
98%
717,273 Lviv
94%
1,010,537 Odessa
94%
901,645 Donetsk
93%
1,421,125 Kharkiv
92%
485,386 Sevastopol
88%
968,502 Dnipro
87%
397,677 Luhansk
85%
425,681 Mariupol
85%
279,131 Kherson
79%
340,540 Simferopol
76%
710,052 Zaporizhia
75%
470,011 Mykolaiv
70%
256,474 Sumy
70%
279,593 Poltava
66%
238,196 Ivano-Frankivsk
65%
282,747 Chernihiv
63%
603,904 Kryvyj Rih
62%
154,621 Kerch
61%
225,004 Ternopil
60%
243,873 Rivne
59%
115,449 Uzhhorod
58%
369,739 Vinnytsia
58%
215,986 Lutsk
57%
264,298 Chernivtsi
56%
148,851 Melitopol
56%
261,624 Zhytomyr
56%
269,836 Cherkasy
55%
74,652 Yalta
53%
147,145 Kramatorsk
51%
71,094 Bakhmut
48%
239,828 Horlivka
46%
274,452 Khmelnytskyi
45%
69,932 Izmail
44%
338,968 Makiivka
44%
207,273 Bila Tserkva
43%
106,311 Berdiansk
41%
105,141 Sloviansk
39%
81,525 Uman
39%
215,271 Kremenchuk
38%
85,569 Mukachevo
38%
105,160 Nikopol
37%
109,806 Brovary
36%
65,167 Irpin
36%
219,676 Kropyvnytskyi
36%
60,127 Pokrovsk
34%
66,293 Feodosia
33%
93,340 Lysychansk
32%
101,430 Pavlohrad
32%
107,877 Yevpatoria
32%
83,543 Konotop
30%
67,575 Kovel
30%
106,062 Alchevsk
27%
44,979 Izium
27%
226,845 Kamianske
27%
64,117 Boryspil
25%
44,427 Nova Kakhovka
24%
52,237 Enerhodar
23%
59,425 Stryi
23%
73,682 Drohobych
22%
96,896 Kamianets-Podilskyi
22%
61,496 Korosten
22%
57,983 Chornomorsk
21%
46,098 Myrnohrad
21%
71,966 Shostka
21%
73,046 Berdychiv
20%
65,830 Nizhyn
20%
69,855 Samar
20%
99,067 Sievierodonetsk
20%
53,977 Druzhkivka
19%
65,088 Kalush
19%
53,126 Lozova
19%
55,247 Rubizhne
19%
60,821 Kolomyia
18%
51,637 Pryluky
18%
65,675 Smila
18%
62,426 Pervomaisk
17%
64,297 Sheptytskyi
17%
44,014 Fastiv
16%
55,086 Zviahel
16%
47,727 Bilhorod-Dnistrovskyi
15%
67,350 Kostiantynivka
15%
44,089 Lubny
15%
76,097 Oleksandriia
15%
49,772 Novovolynsk
14%
46,660 Okhtyrka
14%
44,980 Marhanets
13%
52,150 Antratsyt
12%
49,854 Horishni Plavni
11%
73,248 Kadiïvka
11%
53,462 Khystyakove
11%
45,767 Snizhne
11%
48,208 Shakhtarsk
10%
43,130 Svitlovodsk
10%
62,691 Dovzhansk
9%
56,182 Khartsyzk
8%
45,514 Rovenky
8%
76,673 Yenakiieve
8%
79,533 Khrustalni
7%
44,760 Brianka
6%
No matching quizzes found
Score Distribution
Percent of People with Each Score
Percentile by Number Answered
Your Score History
You have not taken this quiz since the last reset